000 00906cab a2200277 4500
001 ABS57478
008 090401t1997 xxu||||| |||| 00| 0 eng d
035 _a(Sirsi) u80194
041 _aeng
100 _aGordon, M.
245 _aHousing - the future
260 _c1997
350 _a0
490 _aContract Journal
_v389(6136) 30 July 1997, 14-15(2)
520 _aThe Deputy Prime Minister has pledged to spend £900m of local authority capital receipts on developing `houses of the future`. The government intends to reform the housebuilding industry to cope with the demands of the social housing programme.
650 _aCAPITAL RECEIPTS
650 _aCONSTRUCTION INDUSTRY
650 _aHOUSE BUILDING
650 _aLABOUR GOVERNMENT
650 _aLOCAL AUTHORITIES
650 _aREFORM
650 _aSOCIAL HOUSING
690 _aHOUSING
942 _n0
948 _c08/08/1997
999 _c50469
_d50469